<?xml version="1.0" encoding="UTF-8"?>
<record
    xmlns:xsi="http://www.w3.org/2001/XMLSchema-instance"
    xsi:schemaLocation="http://www.loc.gov/MARC21/slim http://www.loc.gov/standards/marcxml/schema/MARC21slim.xsd"
    xmlns="http://www.loc.gov/MARC21/slim">

  <leader>01735nam a22002537a 4500</leader>
  <controlfield tag="005">20251208094922.0</controlfield>
  <controlfield tag="008">220906b           ||||| |||| 00| 0 eng d</controlfield>
  <datafield tag="020" ind1=" " ind2=" ">
    <subfield code="a">9788125053446</subfield>
  </datafield>
  <datafield tag="040" ind1=" " ind2=" ">
    <subfield code="c">AL</subfield>
  </datafield>
  <datafield tag="041" ind1=" " ind2=" ">
    <subfield code="a">eng</subfield>
  </datafield>
  <datafield tag="082" ind1=" " ind2=" ">
    <subfield code="2">23</subfield>
    <subfield code="a">820.409</subfield>
    <subfield code="b">SINT</subfield>
  </datafield>
  <datafield tag="100" ind1=" " ind2=" ">
    <subfield code="a">Sankar Prasad Singha Ed</subfield>
    <subfield code="9">248184</subfield>
  </datafield>
  <datafield tag="245" ind1=" " ind2=" ">
    <subfield code="a">Towards social change </subfield>
    <subfield code="b">: essays on dalit literature</subfield>
  </datafield>
  <datafield tag="260" ind1=" " ind2=" ">
    <subfield code="a">Hyderabad</subfield>
    <subfield code="b">Orient Blackswan </subfield>
    <subfield code="c">2014</subfield>
  </datafield>
  <datafield tag="300" ind1=" " ind2=" ">
    <subfield code="a">viii,189p</subfield>
    <subfield code="b">HB</subfield>
    <subfield code="c">22x14cm</subfield>
  </datafield>
  <datafield tag="365" ind1=" " ind2=" ">
    <subfield code="2">English</subfield>
    <subfield code="a">3496</subfield>
    <subfield code="b">761.00</subfield>
    <subfield code="c">&#x20B9;</subfield>
    <subfield code="d">950.00</subfield>
    <subfield code="e">22%</subfield>
    <subfield code="f">11-08-2022</subfield>
  </datafield>
  <datafield tag="520" ind1=" " ind2=" ">
    <subfield code="a">Dalit writings have a sense of defiance, identity and revolt. The struggles that Dalit writers have had to go through provide them with intellectual clarity and self-confidence.
The essays in this collection discuss themes from various regions.
A piece on the dilemmas that a translator faces delves into the problems and politics of representation of the subaltern in an Amitav Ghosh novel.
Another chapter makes a comparative study of Dalit and Holocaust (Nazi Germany) literatures which share experiences of subjugation, suffering and torture.
An analysis of Narendra Jadhav s memoir Outcaste that travels from bitter memories to better dreams across three generations finds Dalits attaining recognition and success against dreadful odds. A look at some Bengali Dalit poems shows how revolutionary anger is channelled to achieve an aesthetic effect. The creation of a forum for marginalised women writers in Andhra Pradesh is vividly described.</subfield>
  </datafield>
  <datafield tag="650" ind1=" " ind2=" ">
    <subfield code="a">Classical Realism</subfield>
    <subfield code="9">56813</subfield>
  </datafield>
  <datafield tag="650" ind1=" " ind2=" ">
    <subfield code="a">Dalits of Bengal</subfield>
    <subfield code="9">56814</subfield>
  </datafield>
  <datafield tag="650" ind1=" " ind2=" ">
    <subfield code="a">Dalit Poetry Past and Present</subfield>
    <subfield code="9">56815</subfield>
  </datafield>
  <datafield tag="700" ind1=" " ind2=" ">
    <subfield code="a">Singha, Sankar Prasad Ed</subfield>
    <subfield code="9">56816</subfield>
  </datafield>
  <datafield tag="700" ind1=" " ind2=" ">
    <subfield code="a">Acharya, Indranil Ed</subfield>
    <subfield code="9">56817</subfield>
  </datafield>
  <datafield tag="942" ind1=" " ind2=" ">
    <subfield code="2">ddc</subfield>
    <subfield code="c">BK</subfield>
  </datafield>
  <datafield tag="999" ind1=" " ind2=" ">
    <subfield code="c">224529</subfield>
    <subfield code="d">224529</subfield>
  </datafield>
  <datafield tag="952" ind1=" " ind2=" ">
    <subfield code="0">0</subfield>
    <subfield code="1">0</subfield>
    <subfield code="2">ddc</subfield>
    <subfield code="4">0</subfield>
    <subfield code="7">0</subfield>
    <subfield code="8">ENG</subfield>
    <subfield code="a">AL</subfield>
    <subfield code="b">AL</subfield>
    <subfield code="d">2022-08-11</subfield>
    <subfield code="e">Biblios Book Point, Surathkal, Mangalore-575014</subfield>
    <subfield code="g">741.00</subfield>
    <subfield code="l">0</subfield>
    <subfield code="o">820.409 SINT</subfield>
    <subfield code="p">075996</subfield>
    <subfield code="r">2022-09-06 00:00:00</subfield>
    <subfield code="v">950.00</subfield>
    <subfield code="w">2022-09-06</subfield>
    <subfield code="y">BK</subfield>
  </datafield>
</record>
